[Event "Levy mem"]
[Site "Denver USA"]
[Date "2003.09.18"]
[Round "1"]
[White "Shabalov,A"]
[Black "Karklins,A"]
[Result "1-0"]
[WhiteElo "2575"]
[BlackElo "2287"]

1.e4 e5 2.Nf3 f5 3.Nxe5 Qf6 4.d4 d6 5.Nc4 fxe4 6.Nc3 Qg6 7.Bf4 Nf6 8.Qd2 Be7
9.O-O-O O-O 10.h3 Nbd7 11.Kb1 Nb6 12.Nxb6 axb6 13.Bc4+ Kh8 14.f3 d5 15.Be2 c6
16.Rdf1 Be6 17.Be5 b5 18.f4 b4 19.Nd1 b3 20.Ne3 bxc2+ 21.Qxc2 Qg3 22.f5 Qxe3
23.fxe6 Ra7 24.Bd1 Rfa8 25.Qe2 Qxe2 26.Bxe2 Rxa2 27.g4 Ra1+ 28.Kc2 Rxf1 29.Rxf1 h6
30.h4 Rf8 31.Ra1 Ne8 32.g5 hxg5 33.hxg5 Bxg5 34.Bh5 Rf2+ 35.Kb3 Nf6 36.Ra8+ Kh7
37.e7  1-0

[Event "Levy mem"]
[Site "Denver USA"]
[Date "2003.09.18"]
[Round "2"]
[White "Gurevich,D"]
[Black "Shabalov,A"]
[Result "1-0"]
[WhiteElo "2502"]
[BlackElo "2575"]

1.c4 e5 2.g3 Nc6 3.Bg2 Nf6 4.Nc3 Bc5 5.Nf3 d6 6.e3 O-O 7.a3 a6 8.d4 Ba7 9.h3 exd4
10.exd4 Re8+ 11.Be3 Na5 12.b3 b5 13.O-O bxc4 14.Nd2 Be6 15.b4 Nb3 16.Nxb3 cxb3
17.d5 Bxh3 18.Bxh3 Bxe3 19.fxe3 Rxe3 20.Qd4 Qe7 21.Kh2 Re8 22.Rad1 Qe5 23.Qxe5 R8xe5
24.Rc1 Rd3 25.Rf2 h5 26.a4 h4 27.Rb2 Ree3 28.Ne2 g6 29.Rxc7 Nxd5 30.Rc8+ Kg7
31.b5 axb5 32.a5 hxg3+ 33.Nxg3 Rxg3 34.Bf1 Rc3 35.Rb8 Rge3 36.a6 Rc2+  1-0

[Event "Curacao Open"]
[Site "Willemstad AHO"]
[Date "2003.10.26"]
[Round "2"]
[White "Metz,Ha"]
[Black "Shabalov,A"]
[Result "0-1"]
[WhiteElo "2325"]
[BlackElo "2597"]

1.e4 c5 2.Nf3 Nc6 3.d4 cxd4 4.Nxd4 Nf6 5.Nc3 e5 6.Ndb5 d6 7.Nd5 Nxd5 8.exd5 Nb8
9.c4 Be7 10.Be2 O-O 11.O-O a6 12.Qa4 Bf5 13.Qa3 Bg6 14.Be3 b6 15.f4 Nd7 16.Nxd6 exf4
17.Bxf4 Nf6 18.Rad1 Rc8 19.Kh1 Qd7 20.c5 Rxc5 21.Nc4 Rxd5 22.Qxa6 Qe6 23.Nxb6 Rxd1
24.Rxd1 Ne4 25.Rf1 Rd8 26.Na4 Qd7 27.Nc3 Bf6 28.Nd1 h5 29.Qb5 Qxb5 30.Bxb5 Rxd1
31.Rxd1 Nf2+ 32.Kg1 Nxd1 33.b4 Be4 34.a4 Nc3 35.Bc4 Bd4+ 36.Kf1 Nxa4 37.g4 hxg4
38.h4  0-1

[Event "Curacao Open"]
[Site "Willemstad AHO"]
[Date "2003.11.03"]
[Round "9"]
[White "Gallegos,Ca"]
[Black "Shabalov,A"]
[Result "0-1"]
[WhiteElo "2460"]
[BlackElo "2597"]

1.e4 c5 2.Nf3 Nc6 3.d3 Nf6 4.Nbd2 d5 5.Qe2 e6 6.g3 Be7 7.Bg2 O-O 8.O-O a5
9.Re1 a4 10.a3 b5 11.e5 Nd7 12.Nf1 b4 13.h4 Ba6 14.axb4 cxb4 15.Rxa4 Nc5
16.Rxa6 Nxa6 17.d4 Qb6 18.Qd3 Nc7 19.Bg5 Qb5 20.Qd2 Ra2 21.b3 Qb6 22.Bxe7 Nxe7
23.Ne3 Nb5 24.Qxb4 Nc6 25.Qc5 Qxc5 26.dxc5 Nc3 27.Bf1 Rfa8 28.Bd3 Ra1 29.Rxa1 Rxa1+
30.Kg2 Ra5 31.h5 h6 32.Kf1 Kf8 33.Ke1 d4 34.Nd1 Ra1 35.Be2 Rc1 36.Kd2 Nxe2
37.Ne1 Rxd1+ 38.Kxd1 Nc3+ 39.Kc1 Nxe5 40.Kb2 Nd1+ 41.Ka3 Nxf2 42.b4 Ne4  0-1

[Event "34th NCC"]
[Site "Philadelphia USA"]
[Date "2003.11.28"]
[Round "1"]
[White "Kis,BL"]
[Black "Shabalov,A"]
[Result "0-1"]
[WhiteElo "2209"]
[BlackElo "2597"]

1.d4 d5 2.c4 c6 3.Nf3 Nf6 4.cxd5 cxd5 5.Nc3 Nc6 6.Bf4 a6 7.e3 Bg4 8.Be2 e6
9.O-O Be7 10.Ne5 Nxe5 11.Bxe5 Bxe2 12.Qxe2 O-O 13.Bxf6 Bxf6 14.f4 Qd7 15.Rfc1 Be7
16.Rc2 Bd6 17.Rac1 Rad8 18.Nd1 f6 19.Qg4 Qe7 20.Nc3 Bb8 21.Qf3 Qd7 22.b3 e5
23.Na4 exf4 24.exf4 Qf5 25.g3 g5 26.Nc5 Rde8 27.Re2 Kh8 28.Rce1 Rxe2 29.Rxe2 gxf4
30.g4 Rg8 31.h3 h5 32.Rg2 Qb1+ 33.Kh2 hxg4 34.Rxg4 Qxa2+ 35.Kh1 Qb1+ 36.Kh2 Qb2+
37.Kh1 Qc1+ 38.Kh2 Qd2+ 39.Kh1 Qe1+ 40.Kg2 Re8  0-1

[Event "34th NCC"]
[Site "Philadelphia USA"]
[Date "2003.11.28"]
[Round "2"]
[White "Shabalov,A"]
[Black "Lymar,V"]
[Result "1/2-1/2"]
[WhiteElo "2597"]
[BlackElo "2282"]

1.e4 c5 2.Nf3 e6 3.d4 cxd4 4.Nxd4 a6 5.c4 d6 6.Nc3 b6 7.Be2 Bb7 8.f4 Nd7
9.Bf3 Rc8 10.O-O Rxc4 11.Be3 Be7 12.Qe2 Rc8 13.Rad1 Qc7 14.g4 h6 15.h4 g5
16.Rc1 Qb8 17.Nd5 Rxc1 18.Rxc1 exd5 19.exd5 gxf4 20.Bxf4 Ne5 21.Nf5 Kf8 22.Bg2 Bc8
23.Rc3 Bxf5 24.gxf5 Nf6 25.Qd2 Kg7 26.Rg3+ Kh7 27.Bxh6 Rg8 28.Bg5 Qc8 29.Qe2 Rg7
30.Kh1 Qc4 31.Qxc4 Nxc4 32.Rc3 Ne5 33.Rc7 Bd8 34.Rc8 Rg8 35.Rxd8 Rxd8 36.Bxf6 Rd7
37.Kg1 b5 38.b3 Rc7 39.Be4 Rc1+ 40.Kg2 Re1  1/2-1/2

[Event "34th NCC"]
[Site "Philadelphia USA"]
[Date "2003.11.29"]
[Round "4"]
[White "Shabalov,A"]
[Black "Milman,L"]
[Result "1/2-1/2"]
[WhiteElo "2597"]
[BlackElo "2380"]

1.d4 d5 2.c4 e6 3.Nc3 c6 4.e3 Bd6 5.Bd3 f5 6.f4 Nf6 7.Nf3 O-O 8.O-O Ne4 9.Bd2 b6
10.Be1 Ba6 11.Qe2 Nd7 12.a4 Bb7 13.a5 c5 14.Bh4 Qe8 15.Ne5 cxd4 16.exd4 Nxe5
17.fxe5 Bb4 18.a6 Bc6 19.Rac1 dxc4 20.Bxc4 Qd7 21.Rfd1 Rac8 22.Na2 Be7 23.Bxe7 Qxe7
24.Nb4 Ba4 25.b3 Bd7 26.Qe1 Kh8 27.Bf1 Rfd8 28.Rc4 Be8 29.Nc2  1/2-1/2

[Event "87th Marshall CCC"]
[Site "New York USA"]
[Date "2003.12.07"]
[Round "1"]
[White "Privman,B"]
[Black "Shabalov,A"]
[Result "1/2-1/2"]
[WhiteElo "2240"]
[BlackElo "2597"]

1.d4 Nf6 2.Nf3 c5 3.c3 b6 4.Bf4 Bb7 5.e3 g6 6.Bd3 Bg7 7.O-O O-O 8.Nbd2 d6
9.e4 cxd4 10.cxd4 e5 11.Bg3 exd4 12.Nxd4 Nh5 13.N2f3 Nxg3 14.hxg3 Nd7 15.Re1 Nc5
16.b4 Nxd3 17.Qxd3 Re8 18.Rac1 a6 19.b5 Qd7 20.bxa6 Bxa6 21.Qb1 Bb7 22.Nb5 Rac8
23.Rcd1 Re6 24.Nbd4 Re7 25.e5 dxe5 26.Nb5 Qe6 27.Nd6 Ra8 28.Ng5 Qxa2 29.Qxb6 h6
30.Ngxf7 Rxf7 31.Nxb7 Ra6 32.Qd8+  1/2-1/2

[Event "North American Open"]
[Site "Las Vegas USA"]
[Date "2003.12.29"]
[Round "6"]
[White "Filippov,Va"]
[Black "Shabalov,A"]
[Result "0-1"]
[WhiteElo "2630"]
[BlackElo "2597"]

1.Nf3 d5 2.d4 Nf6 3.c4 e6 4.g3 dxc4 5.Bg2 Nc6 6.Qa4 Bb4+ 7.Bd2 Nd5 8.Bxb4 Nxb4
9.Ne5 O-O 10.Nxc6 Nxc6 11.e3 e5 12.d5 Ne7 13.Nc3 c6 14.dxc6 Nxc6 15.Qxc4 Be6
16.Qb5 Rb8 17.O-O a6 18.Qc5 Qe7 19.Qxe7 Nxe7 20.Rfd1 Rfc8 21.Rd6 Kf8 22.Ne4 h6
23.b4 b6 24.a3 Nd5 25.Re1 Ke7 26.Rd1 Rd8 27.Rc6 f5 28.Nd2 e4 29.Bf1 Bd7 30.Rcc1 Ba4
31.Re1 b5 32.f3 Nf6 33.Rc7+ Kf8 34.Re2 Rbc8 35.Rxc8 Rxc8 36.fxe4 fxe4 37.Rf2 Bc2
38.Bg2 Ke7 39.Rf5 Bd3 40.h3 g6 41.Rf4 Rc1+ 42.Kf2 Ra1 43.Bf1 Nd5 44.Rh4 Rd1  0-1

[Event "86th NY Masters"]
[Site "New York USA"]
[Date "2004.01.06"]
[Round "2"]
[White "Shabalov,A"]
[Black "Blatny,P"]
[Result "0-1"]
[WhiteElo "2623"]
[BlackElo "2452"]

1.e4 b6 2.d4 Bb7 3.Bd3 Nf6 4.Qe2 Nc6 5.c3 e5 6.Nf3 d6 7.O-O Nd7 8.a4 Be7
9.d5 Ncb8 10.a5 bxa5 11.Be3 c6 12.c4 Na6 13.Nbd2 Nac5 14.Ra3 f5 15.exf5 O-O
16.Ne4 Nxe4 17.Bxe4 cxd5 18.cxd5 Nf6 19.Bb1 Nxd5 20.Rd1 Kh8 21.Bd2 Bf6 22.Rb3 Bc6
23.Rc1 Rc8 24.h4 a4 25.Ra3 Qb6 26.Ng5 Qxb2 27.Ra2 Nf4 28.Qg4 Qd4 29.Be3 h5
30.Qg3 Qd5 31.Rac2 Bb7 32.Rxc8 Rxc8 33.Rxc8+ Bxc8 34.Kh2 Ne2 35.Qh3 Qd1 36.Nf7+ Kh7
37.f4 Qxb1 38.Ng5+ Kg8 39.Qf3 Bxg5 40.fxg5 Nf4 41.Bxf4 Qxf5 42.Qd5+ Qf7 43.Qxf7+ Kxf7
44.Bc1 Bg4 45.Kg3 g6 46.Kf2 Ke6 47.Ke3 d5  0-1

[Event "It"]
[Site "Bermuda BER"]
[Date "2004.01.15"]
[Round "1"]
[White "Shabalov,A"]
[Black "Iordachescu,V"]
[Result "1-0"]
[WhiteElo "2623"]
[BlackElo "2634"]

1.e4 c6 2.d4 d5 3.e5 Bf5 4.Be3 e6 5.Nd2 Nd7 6.Ngf3 h6 7.Be2 Ne7 8.O-O Bh7
9.g4 f6 10.c4 Ng6 11.cxd5 cxd5 12.Qb3 Be7 13.Qxb7 O-O 14.Qc6 Kh8 15.Qxe6 fxe5
16.Qxd5 Nf4 17.Bxf4 Rxf4 18.dxe5 Bg8 19.Qd3 Bh7 20.Qd5 Bg8 21.e6 Nf8 22.Qxd8 Rxg4+
23.Kh1 Rxd8 24.Bc4 Rf4 25.Rae1 g5 26.Re2 Kg7 27.Bb3 a5 28.Ne5 a4 29.Bc4 Rd6
30.Ne4 Rd4 31.f3 Nxe6 32.b3 Ba3 33.Nc6 Rd7 34.Ng3 Rxc4 35.bxc4 Nf4 36.Re4 Rd2
37.Nf5+ Kf6 38.Ne3 Rxa2 39.h4 Bc5 40.hxg5+ hxg5 41.Ng4+ Kg6 42.Nce5+ Kg7
43.Nd7 Ba3 44.Re5 Kg6 45.c5 Rd2 46.Re7 Bb2 47.c6 a3 48.c7 Rc2 49.Ne3 Rc6
50.Ng4 Rc2 51.Re8 Be6 52.c8=Q Rxc8 53.Rxc8 Bxd7 54.Ra8 Kh5 55.Ne3 Bb5 56.Rf2 Nd3
57.Rd2 Kg6 58.Ra5 Bc1 59.Rc2 Bxe3 60.Rxb5  1-0

[Event "It"]
[Site "Bermuda BER"]
[Date "2004.01.21"]
[Round "6"]
[White "Iordachescu,V"]
[Black "Shabalov,A"]
[Result "0-1"]
[WhiteElo "2634"]
[BlackElo "2623"]

1.e4 c5 2.Nf3 Nc6 3.d4 cxd4 4.Nxd4 Nf6 5.Nc3 e5 6.Ndb5 d6 7.Bg5 a6 8.Na3 b5
9.Nd5 Be7 10.Bxf6 Bxf6 11.c3 O-O 12.Nc2 Bg5 13.h4 Bh6 14.a4 bxa4 15.Rxa4 a5
16.Bb5 Bb7 17.Nce3 Bxe3 18.Nxe3 Qb6 19.Qd3 Ne7 20.O-O Kh8 21.Rd1 Rad8 22.c4 f5
23.exf5 d5 24.Qa3 d4 25.Qxe7 dxe3 26.Raa1 exf2+ 27.Kf1 Be4 28.Rd7 Rg8 29.Rad1 Rdf8
30.Qxe5 Bxf5 31.R7d6 Qb7 32.Bc6 Qf7 33.Bd5 Qh5 34.Be4 Qg4 35.Bf3 Qxh4 36.Qd4 Qh2
37.Qxf2 Be4 38.R6d4 Bxf3 39.gxf3 Qh3+ 40.Ke2 Rf6 41.Re4 Rgf8 42.Rd3 h6 43.b3 Qh1
44.Qg3 Rf5 45.Re5 Qc1 46.Rxf5 Re8+ 47.Re5 Qb2+ 48.Kd1 Rxe5 49.f4 Re8 50.c5 a4
51.bxa4 Qb1+ 52.Kd2 Qb4+ 53.Rc3 Qb2+ 54.Kd1 Qa1+ 55.Kd2 Qa2+ 56.Kd1 Qxa4+
57.Kd2 Qa2+ 58.Kd1 Qe2+ 59.Kc1 Rd8 60.Rc2 Rd1+ 61.Kb2 Qb5+  0-1

[Event "6th Foxwoods Open"]
[Site "Connecticut USA"]
[Date "2004.04.07"]
[Round "1"]
[White "Santa Torres,J"]
[Black "Shabalov,A"]
[Result "0-1"]
[WhiteElo "2241"]
[BlackElo "2624"]

1.d4 d5 2.Nf3 Nf6 3.Bf4 c6 4.e3 Bg4 5.Be2 Nbd7 6.h3 Bh5 7.O-O e6 8.c3 Be7
9.Nbd2 O-O 10.Re1 a5 11.Ne5 Nxe5 12.Bxe5 Bg6 13.Bf3 Qb6 14.Qb3 Qa6 15.e4 a4
16.Qd1 Rfd8 17.Qe2 Qb6 18.exd5 cxd5 19.Nf1 a3 20.b3 Rac8 21.Rac1 Ne4 22.Bxe4 dxe4
23.Bf4 Rc6 24.Nd2 f5 25.Nc4 Qa6 26.Ne5 Qxe2 27.Rxe2 Rcc8 28.Nxg6 hxg6 29.Bd2 Kf7
30.Kf1 b5 31.Ke1 b4 32.cxb4 Rxc1+ 33.Bxc1 Bxb4+ 34.Bd2 Be7 35.Bc3 Bf6 36.Rc2 Rc8
37.Kd2 Bh4 38.g3 Be7 39.Kd1 g5 40.Bd2 Ra8 41.Rc4 Bf6 42.Ke2 Rh8 43.Ra4 Kg6
44.Rxa3 Bxd4 45.Ra4 Be5 46.Ra5 Ba1 47.b4 Rxh3 48.b5 Rh1 49.Ra4 Be5 50.b6 Rh2
51.Kf1 f4 52.gxf4 gxf4 53.Rxe4 Kf5 54.Kg1 Kxe4 55.Kxh2 Kf3 56.b7 Kxf2 57.Bc3 Bb8
58.Bd4+ Ke2 59.a4 f3+ 60.Kg1 e5 61.Bb6 e4 62.a5 e3  0-1

[Event "6th Foxwoods Open"]
[Site "Connecticut USA"]
[Date "2004.04.08"]
[Round "2"]
[White "Shabalov,A"]
[Black "Kaliksteyn,A"]
[Result "1-0"]
[WhiteElo "2624"]
[BlackElo "2397"]

1.e4 c5 2.Nf3 d6 3.d4 cxd4 4.Nxd4 Nf6 5.Nc3 g6 6.Be3 Bg7 7.f3 Nc6 8.Qd2 O-O
9.O-O-O Nxd4 10.Bxd4 Be6 11.Kb1 Qc7 12.Nb5 Qb8 13.h4 h6 14.g4 Nd7 15.Be3 Kh7
16.Nd4 Ne5 17.Be2 Qc8 18.Rdg1 Nc4 19.Bxc4 Qxc4 20.b3 Qc7 21.f4 Rac8 22.c4 b5
23.h5 bxc4 24.hxg6+ Kg8 25.f5 Qb7 26.fxe6 fxg6 27.Re1 cxb3 28.axb3 Qxe4+
29.Ka2 Rf3 30.Ka3 Rxe3 31.Qxe3 Qxe3 32.Rxe3 Bxd4 33.Rf3 Bf6 34.Rxh6 Kg7 35.Rh2 Rc5
36.Re2 Rg5 37.Rf4 Rd5 38.Ka4 a5 39.Ree4 Rg5 40.Rc4 Re5 41.Rfe4 Rg5 42.Rc7 d5
43.Rf4 Re5 44.Rd7 Rxe6 45.Kxa5 Bc3+ 46.Kb5 d4 47.b4 Kh6 48.Kc5 Re1 49.b5 e5
50.Rf8 e4 51.b6 Rb1 52.Re8 e3 53.b7 Kg5 54.Re6  1-0

[Event "6th Foxwoods Open"]
[Site "Connecticut USA"]
[Date "2004.04.08"]
[Round "3"]
[White "Gonzalez,Ren"]
[Black "Shabalov,A"]
[Result "0-1"]
[WhiteElo "2419"]
[BlackElo "2624"]

1.e4 c5 2.Nf3 Nc6 3.Bb5 e6 4.O-O Nge7 5.Re1 a6 6.Bf1 Ng6 7.c3 Be7 8.d4 cxd4
9.cxd4 d5 10.exd5 exd5 11.h3 O-O 12.Nc3 Be6 13.Be3 b5 14.a4 b4 15.Na2 Na5
16.b3 Nb7 17.Nc1 Nd6 18.Nd3 Ne4 19.Nc5 Bc8 20.Rc1 f5 21.Nd3 Bd6 22.Nde5 Bb7
23.Bd3 f4 24.Bd2 Nxe5 25.dxe5 Be7 26.Re2 Qb6 27.Be1 Kh8 28.Rec2 a5 29.Bb5 Bc5
30.e6 Qd6 31.Bd7 Rab8 32.Nd4 f3 33.Nxf3 d4 34.Ng5 Nxg5 35.Rxc5 Ne4 36.R5c4 d3
37.e7 Qxe7 38.Qxd3 Rfd8 39.Rc7 Qg5 40.Qb5 Nc5 41.Rxb7 Qxc1 42.Rxb8 Qxe1+
43.Kh2 Qe5+  0-1

[Event "6th Foxwoods Open"]
[Site "Connecticut USA"]
[Date "2004.04.10"]
[Round "6"]
[White "Shabalov,A"]
[Black "Ibragimov,I"]
[Result "1/2-1/2"]
[WhiteElo "2624"]
[BlackElo "2556"]

1.e4 e5 2.Nf3 Nc6 3.Bb5 a6 4.Ba4 Nf6 5.O-O Be7 6.Re1 b5 7.Bb3 d6 8.c3 O-O
9.h3 Na5 10.Bc2 c5 11.d4 Qc7 12.Nbd2 Bd7 13.d5 g6 14.Nf1 Nc4 15.N3h2 Nh5
16.b3 Nb6 17.Ne3 c4 18.Bd2 a5 19.Nhg4 Kh8 20.Qf3 f6 21.Nh6 Ng7 22.h4 cxb3
23.axb3 a4 24.b4 Nc4 25.Nxc4 Qxc4 26.g4 f5 27.Bd3 Qc8 28.exf5 gxf5 29.g5 Qe8
30.Qg2 f4 31.Qe4  1/2-1/2

[Event "Chicago Open"]
[Site "Chicago USA"]
[Date "2004.05.28"]
[Round "1"]
[White "Shabalov,A"]
[Black "Betaneli,A"]
[Result "1-0"]
[WhiteElo "2624"]
[BlackElo "2228"]

1.e4 e5 2.Nf3 Nc6 3.Bb5 a6 4.Ba4 d6 5.Bxc6+ bxc6 6.d4 exd4 7.Qxd4 c5 8.Qd3 Be7
9.O-O Nf6 10.Nc3 O-O 11.Bf4 Bb7 12.Rad1 Bc6 13.Rfe1 Qb8 14.e5 Nh5 15.Bc1 g6
16.Nd5 Bxd5 17.Qxd5 Qc8 18.exd6 Bxd6 19.Ne5 Ng7 20.Nc4 Qf5 21.c3 Rfe8 22.Rxe8+ Rxe8
23.Qxf5 Nxf5 24.Kf1 h5 25.h3 Kf8 26.f3 Re6 27.Kf2 Ke8 28.b3 Be7 29.Bf4 Nd6
30.Ne3 g5 31.Bxd6 cxd6 32.Nf5 Kd7 33.Ng7 Rh6 34.Rd5 Rh7 35.Nf5 f6 36.h4 Ke6
37.c4 Bf8 38.f4 g4 39.Ke2 a5 40.Kd3 a4 41.b4 cxb4 42.Nd4+ Kf7 43.Rb5 Kg6
44.Ne6 Bg7 45.f5+ Kh6 46.Rxb4 Rh8 47.Rxa4 Rb8 48.Ra7 Rb2 49.Nxg7  1-0

[Event "Chicago Open"]
[Site "Chicago USA"]
[Date "2004.05.29"]
[Round "3"]
[White "Shabalov,A"]
[Black "Kiewra,K"]
[Result "1-0"]
[WhiteElo "2624"]
[BlackElo "2275"]

1.e4 c5 2.Nf3 d6 3.d4 cxd4 4.Nxd4 Nf6 5.Nc3 g6 6.Be3 Bg7 7.f3 Nc6 8.Qd2 O-O
9.O-O-O d5 10.Kb1 Nxd4 11.e5 Nf5 12.exf6 Bxf6 13.Nxd5 Qxd5 14.Qxd5 Nxe3 15.Qd2 Nxd1
16.Qxd1 Bf5 17.Bc4 Rfd8 18.Qe2 Bg5 19.Rd1 Rxd1+ 20.Qxd1 Rc8 21.Bb3 Rc6 22.Qd5 e6
23.Qe5 h5 24.g4  1-0

[Event "Chicago Open"]
[Site "Chicago USA"]
[Date "2004.05.30"]
[Round "5"]
[White "Shabalov,A"]
[Black "Smetankin,S"]
[Result "1-0"]
[WhiteElo "2624"]
[BlackElo "2466"]

1.e4 c5 2.Nf3 d6 3.d4 cxd4 4.Nxd4 Nf6 5.Nc3 a6 6.Bc4 e6 7.Bb3 Nbd7 8.Bg5 Nc5
9.O-O Be7 10.Re1 O-O 11.f4 Bd7 12.Qf3 Nxb3 13.axb3 Qb6 14.Rad1 Rfe8 15.Kh1 h6
16.Bh4 Bc6 17.f5 Nd7 18.Bf2 e5 19.Ndb5 Qxb5 20.Nxb5 Bxb5 21.c4 Bc6 22.b4 b5
23.b3 Reb8 24.Qc3 a5 25.cxb5 Bxb5 26.bxa5 Ra6 27.Rc1  1-0

[Event "Chicago Open"]
[Site "Chicago USA"]
[Date "2004.05.31"]
[Round "6"]
[White "Ibragimov,I"]
[Black "Shabalov,A"]
[Result "0-1"]
[WhiteElo "2556"]
[BlackElo "2624"]

1.d4 d5 2.c4 c6 3.Nf3 Nf6 4.e3 e6 5.Bd3 Nbd7 6.Nbd2 c5 7.O-O Be7 8.b3 b6
9.Bb2 O-O 10.Qe2 Bb7 11.Rad1 Qc7 12.e4 dxc4 13.Nxc4 cxd4 14.e5 Nh5 15.Bc1 Nc5
16.Nxd4 Nxd3 17.Rxd3 g6 18.Nd6 Bxd6 19.exd6 Qxd6 20.Nf5 Qc7 21.Nh6+ Kg7 22.Ng4 Rfd8
23.Bh6+ Kg8 24.Rfd1 Qe7 25.Qe5 Rxd3 26.Rxd3 f6 27.Qd6 Kf7 28.Qd7 Rc8 29.h4 Rc7
30.Qd8 Qxd8 31.Rxd8 e5 32.Ne3 Ke6 33.f3 Bc6 34.Kf2 b5 35.Rd2 Bb7 36.Rd8 Nf4
37.Rd2 a6 38.g3 Nh5 39.Bf8 f5 40.Bb4 Nf6 41.Rd6+ Kf7 42.Ba5 Rc6 43.Rxc6 Bxc6
44.Ke2 Ke6 45.Bc7 h6 46.f4 Ne4 47.Bxe5 Nxg3+ 48.Kd3 g5 49.hxg5 h5 50.Nd1 h4
51.Nf2 Bg2 52.Kc3 h3 53.Nxh3 Bxh3 54.Kb4 Ne4 55.g6 Bf1 56.Bd4 Bd3 57.Ka5 Bb1
58.Kxa6 Bxa2 59.Kxb5 Bxb3 60.Kb4 Bc2 61.g7 Kf7 62.Kc4 Nd6+ 63.Kd5 Ne8 64.g8=Q+ Kxg8
65.Ke6 Be4 66.Be5 Ng7+ 67.Kf6 Nh5+ 68.Ke7 Kh7 69.Kf7 Ng3 70.Bf6 Kh6 71.Bd8 Kh5
72.Ke6 Bb1  0-1

[Event "3rd ACP Blitz Prelim4"]
[Site "playchess.com INT"]
[Date "2004.06.03"]
[Round "8"]
[White "Shabalov,A"]
[Black "Polaczek,R"]
[Result "1-0"]
[WhiteElo "2624"]
[BlackElo "2426"]

1.e4 Nf6 2.e5 Nd5 3.d4 d6 4.exd6 cxd6 5.c4 Nb6 6.d5 e6 7.Nc3 Be7 8.Nf3 O-O
9.Be2 exd5 10.cxd5 N8d7 11.O-O Nc5 12.Be3 Bf6 13.Nd4 Re8 14.b3 Nbd7 15.Rc1 a6
16.Qc2 Qa5 17.Rb1 Qb4 18.a3 Qxa3 19.b4 Na4 20.Rb3  1-0

[Event "3rd ACP Blitz Prelim4"]
[Site "playchess.com INT"]
[Date "2004.06.03"]
[Round "14"]
[White "Berg,E"]
[Black "Shabalov,A"]
[Result "1-0"]
[WhiteElo "2495"]
[BlackElo "2624"]

1.e4 c5 2.Nf3 Nc6 3.d4 cxd4 4.Nxd4 e5 5.Nb5 d6 6.c4 Be7 7.N1c3 a6 8.Na3 f5
9.Nd5 Nf6 10.Be3 Nxd5 11.cxd5 Nd4 12.Bxd4 exd4 13.Bd3 Qa5+ 14.Qd2 Qxd2+ 15.Kxd2 O-O
16.Rhf1 Bd7 17.f4 fxe4 18.Bxe4 Rae8 19.g3 Bd8 20.Kd3 Ba5 21.Rf2 Re7 22.Nc4 Bb5
23.b3 Rfe8 24.Re2 Bc3 25.Rf1 Kf8 26.a4 Bxc4+ 27.bxc4 Rc7 28.Rb1 g6 29.Rb6 Rd7
30.f5 gxf5 31.Bxf5 Rxe2 32.Kxe2 Rc7 33.Rxd6 Rxc4 34.Rd7 Ba5 35.Rxb7 Rxa4
36.d6 Ra3 37.d7 Re3+ 38.Kf2 Ke7 39.Rb8 Bd8 40.Ra8 a5 41.g4 Re5 42.Kf3 d3
43.Bxd3 Kxd7 44.Bxh7 Rc5 45.Bf5+ Ke7 46.Ra6 Rc4 47.h4 Kf7 48.g5 Kg7 49.Ra7+ Kf8
50.Be4 Bb6 51.Ra8+ Kg7 52.Ra6 Rb4 53.Kf4 Bc7+ 54.Kf5 Rb5+ 55.Kg4 Rb4 56.Kf5 Rb5+
57.Kg4 Rb4 58.Kf3 Rb3+ 59.Ke2 Rb2+ 60.Ke3 Rb6 61.Ra7 Rb3+ 62.Bd3 Rc3 63.Kd4 Rc1
64.Bc4 Kf8 65.Rxc7 a4 66.Ra7 Rd1+ 67.Kc5 Re1 68.Rxa4 Re5+ 69.Bd5  1-0

[Event "3rd ACP Blitz Prelim4"]
[Site "playchess.com INT"]
[Date "2004.06.03"]
[Round "17"]
[White "Shabalov,A"]
[Black "Mecking,H"]
[Result "1/2-1/2"]
[WhiteElo "2624"]
[BlackElo "2555"]

1.e4 c5 2.Nf3 d6 3.d4 cxd4 4.Nxd4 Nf6 5.Nc3 a6 6.Bc4 e6 7.Bb3 b5 8.Bg5 Be7
9.Qf3 Qc7 10.e5 Bb7 11.exd6 Bxd6 12.Qe3 O-O 13.Bxf6 gxf6 14.Ne4 Bxe4 15.Qxe4 Nd7
16.Qh4 Kh8 17.O-O-O Rg8 18.g3 Be7 19.c3 Ne5 20.Bc2 f5 21.Qh5 b4 22.cxb4 Rac8
23.Kb1 Bxb4 24.Qh6 Bf8 25.Qh4 Bg7 26.Bb3 Ng6 27.Qh5 Rgd8 28.Nf3 Rxd1+ 29.Rxd1 Kg8
30.Ng5 Qe5 31.Rd2 Qe1+ 32.Qd1 Qxd1+ 33.Rxd1 Nf8 34.Nf3 Bf6 35.h4  1/2-1/2

[Event "3rd ACP Blitz Prelim4"]
[Site "playchess.com INT"]
[Date "2004.06.03"]
[Round "19"]
[White "Polaczek,R"]
[Black "Shabalov,A"]
[Result "1/2-1/2"]
[WhiteElo "2426"]
[BlackElo "2624"]

1.d4 d5 2.Bg5 f6 3.Bf4 Nc6 4.Nf3 Bf5 5.a3 e6 6.e3 Nge7 7.h3 g5 8.Bg3 h5 9.c4 Bg7
10.Nc3 O-O 11.Rc1 a6 12.cxd5 exd5 13.Bd3 Qd7 14.Na4 b6 15.Qc2 Bxd3 16.Qxd3 Nf5
17.O-O Nxg3 18.fxg3 Ne7 19.Nc3 Nf5 20.e4 Nxg3 21.Nxd5 Nxf1 22.Rxc7 Qd6 23.Rc6 Qd8
24.Kxf1 b5 25.Qb3 Kh8 26.Kg1 Rc8 27.Qc2 Qd7 28.Rxc8 Rxc8 29.Qe2 Rc1+ 30.Kf2 f5
31.Ne5 Qa7 32.Qxh5+ Kg8 33.Qe8+ Kh7 34.Qg6+ Kh8 35.Qh5+ Kg8 36.Qe8+ Kh7 37.Qh5+ Kg8  1/2-1/2

[Event "3rd ACP Blitz Octofinal"]
[Site "playchess.com INT"]
[Date "2004.06.05"]
[Round "1"]
[White "Shabalov,A"]
[Black "Gustafsson,J"]
[Result "0-1"]
[WhiteElo "2624"]
[BlackElo "2579"]

1.e4 e5 2.Nf3 Nc6 3.Bb5 a6 4.Ba4 Nf6 5.O-O Be7 6.Re1 b5 7.Bb3 O-O 8.h3 Bb7
9.d3 d6 10.a3 Nb8 11.Nbd2 Nbd7 12.Nf1 Re8 13.Ng3 Nc5 14.Ba2 Ne6 15.Nf5 Bf8
16.Ng5 Bc8 17.Qf3 h6 18.Nxe6 Bxe6 19.c3 Bxa2 20.Rxa2 Kh7 21.d4 g6 22.Ng3 Bg7
23.b3 Qe7 24.Rae2 Qe6 25.d5 Qd7 26.c4 bxc4 27.bxc4 Rab8 28.Qc3 Qa4 29.Rb2 Nd7
30.Rb4 Rxb4 31.axb4 Rb8 32.Bd2 a5 33.b5 Nb6 34.Rc1 Ra8 35.Nf1 Qa2 36.c5 Na4
37.Qf3 Nxc5 38.Qxf7 a4 39.Qxc7 Nxe4 40.Be3 a3 41.b6 Qb2 42.b7 Rf8 43.Qb6 Qxb6
44.Bxb6 Rb8 45.f3 Rxb7 46.fxe4 Rxb6 47.Ra1 Rb3 48.Nd2 Rc3 49.Kf2 h5 50.Ra2 Bh6
51.Nb1 Re3 52.Nxa3 Rxe4 53.Nb5 Rf4+ 54.Ke2 Bf8 55.Ra7+ Kh6 56.Rd7 Rf6 57.Nc7 Kg5
58.Ne6+ Kf5 59.Kf3 e4+ 60.Ke2 Ke5 61.Nc7 Bh6 62.Re7+ Kd4 63.Re6 Rxe6 64.dxe6 Bg5
65.g3 Ke5 66.g4 Bd8 67.gxh5 gxh5 68.Kf2 d5 69.Kg3 d4 70.Kf2 d3  0-1

[Event "3rd ACP Blitz Octofinal"]
[Site "playchess.com INT"]
[Date "2004.06.05"]
[Round "2"]
[White "Landa,K"]
[Black "Shabalov,A"]
[Result "1-0"]
[WhiteElo "2550"]
[BlackElo "2624"]

1.e4 c5 2.Nf3 Nf6 3.e5 Nd5 4.Nc3 e6 5.Ne4 Nc6 6.Bb5 f5 7.exf6 Nxf6 8.Qe2 Be7
9.d3 O-O 10.Bxc6 bxc6 11.O-O Rb8 12.b3 Nxe4 13.dxe4 d6 14.e5 d5 15.Ba3 Qa5
16.Bb2 Bd7 17.Ne1 Be8 18.Qg4 Rf5 19.Nd3 Bh5 20.Qg3 c4 21.Nf4 Bf7 22.Rfd1 h5
23.h4 Qd8 24.Ng6 Bc5 25.Bd4 Bxd4 26.Rxd4 Qb6 27.Rad1 Bxg6 28.Qxg6 c5 29.Rxd5 cxb3
30.axb3 c4 31.Kh1 Rbf8 32.Rd6 Qxf2 33.Qxe6+ Kh8 34.R6d4 Qe3 35.Qxc4 Qxe5
36.Rd8 Kh7 37.Rxf8 Rxf8 38.Qd5 Qf4 39.Qxh5+ Kg8 40.Qg5 Qf7 41.Qd5  1-0

[Event "3rd ACP Blitz Octofinal"]
[Site "playchess.com INT"]
[Date "2004.06.05"]
[Round "2"]
[White "Gustafsson,J"]
[Black "Shabalov,A"]
[Result "0-1"]
[WhiteElo "2579"]
[BlackElo "2624"]

1.d4 d5 2.c4 e6 3.Nf3 Nf6 4.g3 dxc4 5.Bg2 Nc6 6.Qa4 Bb4+ 7.Bd2 Nd5 8.Bxb4 Nxb4
9.a3 b5 10.Qxb5 Nc2+ 11.Kd2 Bd7 12.Kxc2 Nxd4+ 13.Nxd4 Bxb5 14.Nxb5 Rb8 15.N1c3 O-O
16.Rhd1 Qf6 17.f4 Rxb5 18.Nxb5 Qf5+ 19.e4 Qxb5 20.Rd2 Qb3+ 21.Kc1 c3 22.Rc2 cxb2+
23.Rxb2 Qe3+ 24.Kb1 Qd3+ 25.Ka2 Qc4+ 26.Rb3 Rd8 27.Rb1 Rd2+ 28.Ka1 h5 29.R1b2 Rd1+
30.Ka2 a5 31.Bf3 Re1  0-1

[Event "3rd ACP Blitz Octofinal"]
[Site "playchess.com INT"]
[Date "2004.06.05"]
[Round "2"]
[White "Shabalov,A"]
[Black "Macieja,B"]
[Result "0-1"]
[WhiteElo "2624"]
[BlackElo "2633"]

1.e4 c6 2.d4 d5 3.e5 Bf5 4.Be3 e6 5.Nd2 Nd7 6.Ngf3 Ne7 7.h3 Bg6 8.g4 c5 9.c3 cxd4
10.cxd4 Rc8 11.Qb3 Qb6 12.Bb5 Nc6 13.O-O Be7 14.Rac1 O-O 15.a4 a6 16.Bxc6 bxc6
17.Qxb6 Nxb6 18.a5 Nd7 19.Nb3 Bd3 20.Rfe1 Rb8 21.Nfd2 Rfc8 22.Rc3 Bb5 23.Nc5 Bxc5
24.dxc5 f6 25.exf6 gxf6 26.g5 e5 27.f4 d4 28.Bxd4 exd4 29.Rg3 f5 30.Re7 Nf8
31.Nf3 d3 32.Kf2 Ng6  0-1

[Event "3rd ACP Blitz Octofinal"]
[Site "playchess.com INT"]
[Date "2004.06.05"]
[Round "3"]
[White "Macieja,B"]
[Black "Shabalov,A"]
[Result "1-0"]
[WhiteElo "2633"]
[BlackElo "2624"]

1.e4 Nf6 2.e5 Nd5 3.d4 d6 4.Nf3 Bg4 5.Be2 e6 6.O-O Be7 7.h3 Bh5 8.c4 Nb6
9.Nc3 O-O 10.Be3 a6 11.exd6 cxd6 12.Qb3 N8d7 13.a4 Qc7 14.a5 Nc8 15.g4 Bg6
16.d5 Nc5 17.Bxc5 dxc5 18.dxe6 fxe6 19.Qd1 Na7 20.Qd2 Nc6 21.Qe3 Rae8 22.Bd3 Rxf3
23.Qxf3 Nd4 24.Qe3 Bg5 25.f4 Bf6 26.Bxg6 hxg6 27.Qe4 Nb3 28.Rae1 g5 29.Re2 Qxa5
30.f5 Bxc3 31.bxc3 Qxc3 32.fxe6 Nd4 33.Re3 Qxc4 34.e7 a5 35.Rf8+  1-0

[Event "3rd ACP Blitz Octofinal"]
[Site "playchess.com INT"]
[Date "2004.06.05"]
[Round "3"]
[White "Shabalov,A"]
[Black "Gustafsson,J"]
[Result "1-0"]
[WhiteElo "2624"]
[BlackElo "2579"]

1.e4 e5 2.Nf3 Nc6 3.Bb5 a6 4.Ba4 Nf6 5.O-O Be7 6.Re1 b5 7.Bb3 O-O 8.h3 Bb7
9.d3 d6 10.a3 Nb8 11.Nbd2 Nbd7 12.Nf1 Re8 13.Ng3 Bf8 14.Ng5 d5 15.exd5 h6
16.Ne6 fxe6 17.dxe6 Kh7 18.exd7 Qxd7 19.Qe2 e4 20.Bf4 Bd6 21.Bxd6 Qxd6 22.dxe4 Nxe4
23.Nxe4 Rxe4 24.Qd3 Qg6 25.f3 Rxe1+ 26.Rxe1 Qxd3 27.cxd3 Rd8 28.Re7 Bd5 29.Bc2 c6
30.Kf2 a5 31.Ke3 a4 32.d4+ Kg8 33.Be4 Rb8 34.Ra7 Kf8 35.h4 Rb6 36.Kf4 Bf7
37.Ke5 Be8 38.Kd6 b4 39.Kc7 Rb5 40.Ra8 bxa3 41.bxa3  1-0